| Tag |
First Indicator |
Second Indicator |
Subfields |
| LEADER |
00000cgm a2200000Mi 4500 |
| 001 |
in00005582321 |
| 006 |
m o c |
| 007 |
cr |n||||||||a |
| 007 |
vz |za|z| |
| 008 |
180814s1995 dcu056 e o vleng d |
| 005 |
20241201232744.1 |
| 035 |
|
|
|a (OCoLC)on1052765253
|
| 040 |
|
|
|a ALSTP
|b eng
|e rda
|e pn
|c ALSTP
|d OCLCO
|d OCLCF
|d OCLCQ
|d OCLCO
|d CAUOI
|d OCLCO
|d UPM
|d OCLCO
|d OCLCQ
|d OCLCL
|d NUI
|
| 019 |
|
|
|a 1373440303
|a 1430882128
|a 1443994325
|
| 035 |
|
|
|a (OCoLC)1052765253
|z (OCoLC)1373440303
|z (OCoLC)1430882128
|z (OCoLC)1443994325
|
| 043 |
|
|
|a n-us---
|
| 082 |
0 |
4 |
|a 791.4309
|q OCoLC
|2 21/eng/20230216
|
| 049 |
|
|
|a TXAM
|
| 245 |
0 |
0 |
|a American cinema.
|n 8,
|p Film in the television age /
|c director, Alain Klarer ; producer, Elizabeth Foster ; a New York Center for Visual History production in co-production with KCET and the BBC.
|
| 246 |
3 |
0 |
|a Film in the television age
|
| 264 |
|
1 |
|a District of Columbia :
|b Annenberg Learner,
|c 1995.
|
| 300 |
|
|
|a 1 online resource (56 min.)
|
| 306 |
|
|
|a 005602
|
| 336 |
|
|
|a two-dimensional moving image
|b tdi
|2 rdacontent
|
| 337 |
|
|
|a computer
|b c
|2 rdamedia
|
| 337 |
|
|
|a video
|b v
|2 rdamedia
|
| 338 |
|
|
|a online resource
|b cr
|2 rdacarrier
|
| 347 |
|
|
|a video file
|2 rda
|
| 490 |
0 |
|
|a Academic Video Online
|
| 500 |
|
|
|a Title from resource description page (viewed August 14, 2018).
|
| 511 |
0 |
|
|a Narrator, Cliff Robertson ; host, John Lithgow.
|
| 520 |
|
|
|a Television first arrived in American homes just as the Hollywood studio system was collapsing. As the new medium took hold, so did a new era of motion picture entertainment. Top directors, actors, and film scholars trace the influence of each medium on the other, from the live and fresh dramas of the Golden Age of Television and the growth of Hollywood spectacles to the megalithic entertainment industry of today. About the Series: A video instructional series on film history for college and high school classrooms and adult learners; 10 one-hour and 3 half-hour video programs and coordinated books. Using clips from more than 300 of the greatest movies ever made, this series explores film history and American culture through the eyes of over 150 Hollywood insiders, including Clint Eastwood, Steven Spielberg, and Michael Eisner. In-depth treatments present film as a powerful economic force, potent twentieth-century art form, and viable career option. American Cinema connects subjects such as history, business, and English with other studies. In addition, it is a perfect vehicle for developing visual and media literacy skills and can be used as a springboard for creative-writing endeavors and media production. Produced by the New York Center for Visual History in association with KCET/Los Angeles and the BBC. 1995.
|
| 546 |
|
|
|a In English.
|
| 650 |
|
0 |
|a Motion pictures and television
|z United States.
|
| 650 |
|
0 |
|a Television
|z United States
|x History.
|
| 650 |
|
0 |
|a Television
|x Production and direction
|z United States
|x History.
|
| 650 |
|
0 |
|a Motion pictures
|z United States
|x History.
|
| 650 |
|
0 |
|a Motion picture industry
|z United States
|x History.
|
| 650 |
|
6 |
|a Cinéma et télévision
|z États-Unis.
|
| 650 |
|
6 |
|a Télévision
|z États-Unis
|x Histoire.
|
| 650 |
|
6 |
|a Télévision
|x Production et réalisation
|z États-Unis
|x Histoire.
|
| 650 |
|
6 |
|a Cinéma
|z États-Unis
|x Histoire.
|
| 650 |
|
7 |
|a Motion picture industry.
|2 fast
|0 (OCoLC)fst01027150
|
| 650 |
|
7 |
|a Motion pictures.
|2 fast
|0 (OCoLC)fst01027285
|
| 650 |
|
7 |
|a Motion pictures and television.
|2 fast
|0 (OCoLC)fst01027420
|
| 650 |
|
7 |
|a Television.
|2 fast
|0 (OCoLC)fst01146535
|
| 650 |
|
7 |
|a Television
|x Production and direction.
|2 fast
|0 (OCoLC)fst01146585
|
| 651 |
|
7 |
|a United States.
|2 fast
|0 (OCoLC)fst01204155
|1 https://id.oclc.org/worldcat/entity/E39PBJtxgQXMWqmjMjjwXRHgrq
|
| 655 |
|
7 |
|a Documentary television programs.
|2 fast
|0 (OCoLC)fst01710387
|
| 655 |
|
7 |
|a History.
|2 fast
|0 (OCoLC)fst01411628
|
| 655 |
|
7 |
|a Documentary television programs.
|2 lcgft
|
| 655 |
|
7 |
|a Documentaires télévisés.
|2 rvmgf
|
| 700 |
1 |
|
|a Klarer, Alain,
|e director.
|
| 700 |
1 |
|
|a Foster, Elizabeth,
|e producer.
|
| 700 |
1 |
|
|a Robertson, Cliff,
|d 1923-2011,
|e narrator.
|1 https://id.oclc.org/worldcat/entity/E39PBJvXfwckPr6yqmvMwGKKh3
|
| 700 |
1 |
|
|a Lithgow, John,
|d 1945-
|e host.
|1 https://id.oclc.org/worldcat/entity/E39PBJxxbMqq3wvt7ktGpjJbh3
|
| 710 |
2 |
|
|a New York Center for Visual History,
|e production company.
|
| 710 |
2 |
|
|a KCET (Television station : Los Angeles, Calif.),
|e production company.
|
| 710 |
2 |
|
|a British Broadcasting Corporation,
|e production company.
|
| 758 |
|
|
|i has work:
|a 8 Film in the television age American cinema (MovingImage)
|1 https://id.oclc.org/worldcat/entity/E39PCGHfKqJJHv4TCDdw3YHPkP
|4 https://id.oclc.org/worldcat/ontology/hasWork
|
| 856 |
4 |
0 |
|u http://proxy.library.tamu.edu/login?url=https://www.aspresolver.com/aspresolver.asp?MARC;3965021
|z Connect to this streaming video (Alexander Street Press)
|t 0
|
| 955 |
|
|
|a Alexander Street Press subscription streaming video
|
| 994 |
|
|
|a 92
|b TXA
|
| 999 |
f |
f |
|s c25a4419-8b19-4dac-9ec7-415c46f6f4f2
|i 34eedfa2-0b90-494a-9642-22d39fcbae25
|t 0
|
| 952 |
f |
f |
|a Texas A&M University
|b College Station
|c Electronic Resources
|d Available Online
|t 0
|h Library of Congress classification
|
| 998 |
f |
f |
|t 0
|l Available Online
|